Bezpečnost vyžaduje strategické řízení
Bezpečnostné dôvody vzniku prvých štátov. Dopad úrovne bezpečnosti na podnikanie a podnikateľské prostredie. Dôvody súčasných bezpečnostných rizík. Kvalita manažmentu v oblasti bezpečnosti. Zmena stratégie bezpečnosti štátu. Potreba medzinárodnej spolupráce. Bezpečnostní experti. Obranný priemysel....
Salvato in:
| Autore principale: | |
|---|---|
| Natura: | Capitolo di libro |
| Lingua: | ceco |
| Soggetti: | |
| Tags: |
Nessun Tag, puoi essere il primo ad aggiungerne!!
|
MARC
| LEADER | 00000naa a2200000 4500 | ||
|---|---|---|---|
| 001 | 0214676 | ||
| 005 | 20221104111831.6 | ||
| 041 | 0 | |a cze | |
| 044 | |a CZ | ||
| 245 | 1 | 0 | |a Bezpečnost vyžaduje strategické řízení |c Jiří Hynek |
| 520 | |a Bezpečnostné dôvody vzniku prvých štátov. Dopad úrovne bezpečnosti na podnikanie a podnikateľské prostredie. Dôvody súčasných bezpečnostných rizík. Kvalita manažmentu v oblasti bezpečnosti. Zmena stratégie bezpečnosti štátu. Potreba medzinárodnej spolupráce. Bezpečnostní experti. Obranný priemysel. České firmy v zbrojnej výrobe. Informačná bezpečnosť v obchode a štátnej správe. Export vojenského materiálu podľa kontinentov (2014). | ||
| 610 | 2 | 0 | |a bezpečnosť |
| 610 | 2 | 0 | |a štát |
| 610 | 2 | 0 | |a migrácia nelegálna |
| 610 | 2 | 0 | |a riziko bezpečnostné |
| 610 | 2 | 0 | |a spolupráca medzinárodná |
| 610 | 2 | 0 | |a priemysel zbrojársky |
| 610 | 2 | 0 | |a bezpečnosť informačná |
| 610 | 2 | 0 | |a správa štátna |
| 610 | 2 | 0 | |a Európska únia |
| 100 | 1 | |a Hynek, Jiří | |